[Event "7th Asia-ch"]
[Site "Subic Bay PHI"]
[Date "2009.05.13"]
[Round "1"]
[White "Ganguly, Surya Shekhar"]
[Black "Nguyen Thanh Son"]
[Result "1-0"]
[WhiteElo "2625"]
[BlackElo "2362"]
[EventDate "2009.05.13"]
[PlyCount "75"]

1.e4 c5 2.Nf3 d6 3.d4 cxd4 4.Nxd4 Nf6 5.Nc3 a6 6.h3 g6 7.Be3 Bg7 8.Qd2 Nc6
9.O-O-O Nxd4 10.Bxd4 Be6 11.f4 Qa5 12.Qe3 Qc7 13.g4 Rc8 14.g5 Nh5 15.Be2 
Bxd4 16.Rxd4 Ng7 17.h4 Qc5 18.Qd2 h6 19.Rg1 h5 20.Rf1 b5 21.Nd5 Qa7 22.Kb1
Bh3 23.Re1 Bd7 24.Bd1 Ne6 25.Rd3 Nc5 26.Rde3 e5 27.fxe5 dxe5 28.Qf2 Rc6 
29.Rf3 Bg4 30.Rf6 Qb7 31.Rxc6 Qxc6 32.Bxg4 hxg4 33.Rf1 Rf8 34.Qg3 Qd6 35.
Rd1 Nxe4 36.Qxg4 f5 37.gxf6 Nf2 38.Qc8+ 1-0

[Event "7th Asia-ch"]
[Site "Subic Bay PHI"]
[Date "2009.05.13"]
[Round "1"]
[White "Irwanto, Sadikin"]
[Black "Ghaem Maghami, Ehsan"]
[Result "1/2-1/2"]
[WhiteElo "2447"]
[BlackElo "2593"]
[EventDate "2009.05.13"]
[PlyCount "116"]

1.d4 Nf6 2.c4 e6 3.Nf3 c5 4.d5 b5 5.Bg5 exd5 6.cxd5 d6 7.e4 a6 8.a4 Be7 9.
Bxf6 Bxf6 10.axb5 Bxb2 11.Ra2 Bf6 12.h3 O-O 13.Bd3 Nd7 14.O-O Nb6 15.Nbd2 
axb5 16.Rxa8 Nxa8 17.Bxb5 Nc7 18.Qa4 Bc3 19.Rd1 Nxb5 20.Qxb5 Re8 21.Qc6 f5
22.exf5 Bd7 23.Qxd6 Ba4 24.Qxd8 Rxd8 25.Rc1 Bb4 26.Ne4 Rxd5 27.Nc3 Bxc3 
28.Rxc3 Rxf5 29.Nd2 Re5 30.f3 Bb5 31.Ne4 c4 32.Nd6 Rd5 33.Nxb5 Rxb5 34.
Rxc4 Kf7 35.Rc6 Rb2 36.Kh2 Ra2 37.h4 Rb2 38.h5 Rb5 39.g4 h6 40.Kg3 Rb4 41.
Rc5 Ke6 42.Rf5 Rb1 43.Rf4 Ra1 44.Re4+ Kf6 45.Rc4 Ra5 46.f4 Ra3+ 47.Kf2 Rb3
48.Rc6+ Kf7 49.Rc5 Ra3 50.Rf5+ Ke6 51.Re5+ Kf6 52.Re3 Ra4 53.Kf3 Ra1 54.
Rc3 Rf1+ 55.Kg3 Rg1+ 56.Kh3 Rf1 57.Rc6+ Kf7 58.Kg3 Ra1 1/2-1/2

[Event "7th Asia-ch"]
[Site "Subic Bay PHI"]
[Date "2009.05.13"]
[Round "1"]
[White "Wang Rui"]
[Black "Le Quang Liem"]
[Result "0-1"]
[WhiteElo "2434"]
[BlackElo "2591"]
[EventDate "2009.05.13"]
[PlyCount "114"]

1.d4 Nf6 2.c4 e6 3.Nc3 Bb4 4.e3 O-O 5.Ne2 d5 6.a3 Be7 7.Nf4 c6 8.cxd5 exd5
9.Bd3 Re8 10.O-O Nbd7 11.b4 Nb6 12.b5 c5 13.Nh5 cxd4 14.exd4 g6 15.Ng3 Bd7
16.Qb3 Rc8 17.Bg5 Ng4 18.Bxe7 Qxe7 19.h3 Nf6 20.Rfc1 Be6 21.Na4 Nfd7 22.
Nxb6 Nxb6 23.Rxc8 Rxc8 24.Bf1 Nc4 25.Bxc4 dxc4 26.Qc3 Bd5 27.Nf1 h5 28.Re1
Qg5 29.f3 Qd8 30.Ne3 b6 31.Kf1 Qd6 32.a4 Rd8 33.Rd1 Rd7 34.Kf2 h4 35.Kf1 
Qe6 36.Ng4 Re7 37.Re1 Qd6 38.Rxe7 Qxe7 39.Qe3 Qxe3 40.Nxe3 c3 41.Ke2 Bb3 
42.a5 bxa5 43.Kd3 Ba4 44.Kxc3 Bxb5 45.d5 Kf8 46.Kd4 Ke7 47.Kc5 a6 48.Kb6 
a4 49.Kc7 a3 50.d6+ Ke6 51.Nc2 a2 52.Nd4+ Ke5 53.Nc2 Kf4 54.d7 Bxd7 55.
Kxd7 Kg3 56.Ke7 Kxg2 57.Kxf7 Kxh3 0-1

[Event "7th Asia-ch"]
[Site "Subic Bay PHI"]
[Date "2009.05.13"]
[Round "1"]
[White "Yu Yangyi"]
[Black "Nguyen Ngoc Truong Son"]
[Result "1/2-1/2"]
[WhiteElo "2433"]
[BlackElo "2588"]
[EventDate "2009.05.13"]
[PlyCount "70"]

1.e4 e6 2.d4 d5 3.Nc3 Nc6 4.Nf3 Nf6 5.e5 Ne4 6.Ne2 f6 7.Ng3 fxe5 8.dxe5 
Be7 9.c3 Nc5 10.Bb5 O-O 11.O-O a6 12.Bxc6 bxc6 13.Nd4 Qe8 14.b4 Nb7 15.Qg4
c5 16.Nh5 Qg6 17.Qxg6 hxg6 18.Nc6 gxh5 19.Nxe7+ Kf7 20.Nxc8 Rfxc8 21.Be3 
cxb4 22.cxb4 c5 23.bxc5 Nxc5 24.Rab1 Nd7 25.Rb7 Ke8 26.f4 Rab8 27.Rfb1 
Rxb7 28.Rxb7 g6 29.Ra7 Rc3 30.Bd2 Rc2 31.Bb4 Rc1+ 32.Kf2 Rc4 33.Bd6 Rxf4+ 
34.Kg3 Rg4+ 35.Kf3 Re4 1/2-1/2

[Event "7th Asia-ch"]
[Site "Subic Bay PHI"]
[Date "2009.05.13"]
[Round "1"]
[White "Hafizulhelmi, Mas"]
[Black "Gupta, Abhijeet"]
[Result "0-1"]
[WhiteElo "2421"]
[BlackElo "2570"]
[EventDate "2009.05.13"]
[PlyCount "70"]

1.e4 c5 2.f4 d5 3.exd5 Nf6 4.Bb5+ Bd7 5.Bxd7+ Qxd7 6.c4 e6 7.Qe2 Be7 8.
dxe6 fxe6 9.Nf3 Nc6 10.Ne5 Qd6 11.Nxc6 Qxc6 12.Nc3 O-O-O 13.d3 Rhe8 14.Be3
Bd6 15.O-O-O e5 16.f5 e4 17.Nb5 Bb8 18.d4 a6 19.Nc3 cxd4 20.Bxd4 Bc7 21.g4
e3 22.Rhf1 h6 23.h3 Ne4 24.Nxe4 Qxe4 25.Bc3 Bf4 26.Rd5 Rxd5 27.cxd5 Re7 
28.Rd1 Rc7 29.d6 Rc6 30.a3 Kd7 31.Rd3 b5 32.Kd1 Qh1+ 33.Kc2 Qe4 34.Kd1 a5 
35.Be1 Qa4+ 0-1

[Event "7th Asia-ch"]
[Site "Subic Bay PHI"]
[Date "2009.05.13"]
[Round "1"]
[White "Zhou Weiqi"]
[Black "Nguyen Van Huy"]
[Result "1/2-1/2"]
[WhiteElo "2563"]
[BlackElo "2423"]
[EventDate "2009.05.13"]
[PlyCount "128"]

1.d4 Nf6 2.c4 e6 3.Nf3 Bb4+ 4.Bd2 Qe7 5.g3 Nc6 6.Nc3 d5 7.cxd5 exd5 8.Bg2 
O-O 9.O-O Bg4 10.Bg5 Rad8 11.h3 Bc8 12.Rc1 h6 13.Bxf6 Qxf6 14.a3 Be7 15.e3
Nb8 16.Nb5 Qb6 17.Qe2 c6 18.Nc3 Nd7 19.b4 a6 20.Qc2 Bd6 21.Na4 Qc7 22.Nc5 
Nf6 23.a4 g6 24.Qb3 Bf5 25.Nh4 Bc8 26.b5 axb5 27.axb5 Kg7 28.bxc6 bxc6 29.
Nf3 Rfe8 30.Qa4 Bxg3 31.fxg3 Qxg3 32.Qc2 Bxh3 33.Qf2 Qxg2+ 34.Qxg2 Bxg2 
35.Kxg2 Ng4 36.Kh3 Nxe3 37.Rfe1 Nf5 38.Nd3 Rxe1 39.Ndxe1 Re8 40.Rxc6 Nxd4 
41.Rd6 Ne6 42.Ng2 d4 43.Nxd4 Nxd4 44.Rxd4 g5 45.Kg3 Kg6 46.Kf3 Ra8 47.Ne3 
Ra6 48.Nc4 f6 49.Rd6 Rxd6 50.Nxd6 h5 51.Ke4 h4 52.Nf5 Kf7 53.Nd4 Kg6 54.
Nf5 Kh5 55.Ne3 g4 56.Kf4 g3 57.Kf3 Kg5 58.Nd5 Kf5 59.Ne7+ Kg5 60.Nd5 f5 
61.Nf4 Kf6 62.Nd3 Ke6 63.Nf4+ Kf6 64.Nd3 Ke6 1/2-1/2

[Event "7th Asia-ch"]
[Site "Subic Bay PHI"]
[Date "2009.05.13"]
[Round "1"]
[White "Xiu Deshun"]
[Black "Torre, Eugenio"]
[Result "1/2-1/2"]
[WhiteElo "2422"]
[BlackElo "2561"]
[EventDate "2009.05.13"]
[PlyCount "134"]

1.Nf3 Nf6 2.c4 e6 3.d4 Bb4+ 4.Nbd2 O-O 5.a3 Bxd2+ 6.Bxd2 Ne4 7.g3 d6 8.Bg2
Nd7 9.O-O f5 10.Be3 Ndf6 11.Ne1 Ng4 12.Bc1 Ng5 13.e4 Nh6 14.exf5 Nxf5 15.
h4 Nf7 16.Nf3 Qf6 17.b4 Bd7 18.Ra2 Rae8 19.Re1 b5 20.Rc2 bxc4 21.Rxc4 c6 
22.Rc3 Ne7 23.Qa4 Ra8 24.Rc2 h6 25.Qa6 Rfb8 26.Bb2 Nd5 27.Nd2 Qd8 28.Bh3 
Nc7 29.Qd3 a5 30.bxa5 Rxa5 31.Nc4 Rab5 32.Bc1 Qf6 33.Bf4 Rd5 34.Be3 Nb5 
35.Rb2 Rd8 36.Bg2 Rxd4 37.Bxd4 Nxd4 38.Rb6 d5 39.Nd2 Rf8 40.f4 Nd6 41.Re5 
N4f5 42.Bh3 Nf7 43.Re1 e5 44.Bxf5 Bxf5 45.Qc3 Qd8 46.Rxc6 exf4 47.Rf1 d4 
48.Qc5 Qe8 49.Nc4 Bd3 50.Rxf4 Qe1+ 51.Kh2 Be4 52.Rxe4 Qxe4 53.Rc8 Qe2+ 54.
Kg1 Qe1+ 55.Kg2 Qe4+ 56.Kg1 Rxc8 57.Qxc8+ Kh7 58.Qc7 Qe1+ 59.Kg2 Qe2+ 60.
Kg1 Qd1+ 61.Kg2 Qc2+ 62.Kg1 Qc1+ 63.Kg2 Qc2+ 64.Kg1 Nd6 65.Qxd6 Qxc4 66.
Qf4 Qd3 67.Kg2 Qxa3 1/2-1/2

[Event "7th Asia-ch"]
[Site "Subic Bay PHI"]
[Date "2009.05.13"]
[Round "1"]
[White "Sandipan, Chanda"]
[Black "Garma, Edgardo"]
[Result "1-0"]
[WhiteElo "2558"]
[BlackElo "2421"]
[EventDate "2009.05.13"]
[PlyCount "138"]

1.Nf3 Nf6 2.c4 e6 3.g3 d5 4.Bg2 Be7 5.O-O O-O 6.d4 b6 7.cxd5 exd5 8.Nc3 
Bb7 9.Bf4 a6 10.Rc1 Nbd7 11.a3 c5 12.dxc5 Nxc5 13.Nd4 Qd7 14.b4 Ne6 15.Bh3
Nh5 16.Be3 b5 17.Ne4 Rac8 18.Nxe6 Rxc1 19.Bxc1 fxe6 20.Qd4 Qc6 21.Nc5 Bxc5
22.bxc5 Nf6 23.Bb2 Re8 24.Qe5 Re7 25.Bd4 h6 26.f4 Nd7 27.Qe3 Nf8 28.Qe5 
Qc7 29.Qd6 Bc8 30.Rc1 Ng6 31.f5 Nf8 32.f6 gxf6 33.Bxf6 Rf7 34.Be5 Qa5 35.
c6 Qd2 36.Bf4 Qd4+ 37.Kh1 e5 38.Bxe5 Qe3 39.Bf4 Rxf4 40.Qxf4 Qxf4 41.gxf4 
Bxh3 42.c7 Bc8 43.Rc6 Kf7 44.Rd6 Nd7 45.Rxd5 Ke7 46.e4 Nb6 47.Rd8 a5 48.f5
b4 49.axb4 axb4 50.Rd4 b3 51.Rb4 Na8 52.Rxb3 Nxc7 53.Kg2 Kf6 54.Kf3 Bxf5 
55.exf5 Kxf5 56.Rb6 Ne6 57.Kg3 h5 58.Kh4 Nf4 59.Ra6 Ng2+ 60.Kxh5 Nf4+ 61.
Kh4 Ng6+ 62.Kg3 Kg5 63.Ra5+ Kf6 64.h4 Ne5 65.Ra6+ Kf5 66.h5 Nd7 67.Ra5+ 
Kf6 68.Kf4 Nf8 69.Ra6+ Kg7 1-0

[Event "7th Asia-ch"]
[Site "Subic Bay PHI"]
[Date "2009.05.13"]
[Round "1"]
[White "Zhang Ziyang"]
[Black "Li Shilong"]
[Result "0-1"]
[WhiteElo "2419"]
[BlackElo "2557"]
[EventDate "2009.05.13"]
[PlyCount "66"]

1.d4 Nf6 2.Nf3 g6 3.c4 Bg7 4.Nc3 O-O 5.e4 d6 6.Be2 Nbd7 7.O-O e5 8.dxe5 
dxe5 9.Be3 c6 10.h3 Qe7 11.Qc2 Nh5 12.Rfd1 Nf4 13.Rab1 Nc5 14.Bf1 f5 15.b4
Nce6 16.c5 Kh8 17.exf5 gxf5 18.Rd6 e4 19.Nd4 Nxd4 20.Rxd4 Bxd4 21.Bxd4+ 
Kg8 22.Ne2 Ng6 23.Ba1 Be6 24.a4 Rad8 25.Nd4 Bd5 26.Re1 Rf7 27.b5 f4 28.Qc3
Qg5 29.a5 a6 30.bxa6 bxa6 31.Nc2 e3 32.Nb4 Bxg2 33.h4 Qg4 0-1

[Event "7th Asia-ch"]
[Site "Subic Bay PHI"]
[Date "2009.05.13"]
[Round "1"]
[White "Megaranto, Susanto"]
[Black "Ashwin, Jayaram"]
[Result "0-1"]
[WhiteElo "2553"]
[BlackElo "2413"]
[EventDate "2009.05.13"]
[PlyCount "118"]

1.d4 d5 2.Nf3 c6 3.Bg5 h6 4.Bh4 Bf5 5.e3 Qb6 6.b3 e6 7.Bd3 Nd7 8.O-O Be7 
9.Bxf5 exf5 10.c4 Bxh4 11.Nxh4 Ne7 12.Nc3 Nf6 13.cxd5 cxd5 14.Qd3 g6 15.
Qb5+ Qxb5 16.Nxb5 Kd7 17.Nf3 Rhc8 18.Ne5+ Ke6 19.Rac1 Nc6 20.Nd3 a6 21.
Nf4+ Kd7 22.Nc3 Kd6 23.Na4 Nb4 24.a3 Rxc1 25.Rxc1 Nc6 26.Nb6 Rd8 27.Rc5 
Ne7 28.Nd3 Nd7 29.Nxd7 Kxd7 30.g4 Kd6 31.Ne5 Rf8 32.h3 f6 33.Nd3 fxg4 34.
hxg4 Rc8 35.Rxc8 Nxc8 36.f3 Ne7 37.Kf2 f5 38.gxf5 Nxf5 39.Nf4 g5 40.Ne2 
Ke6 41.a4 b5 42.axb5 axb5 43.Nc3 Nd6 44.b4 h5 45.e4 dxe4 46.fxe4 g4 47.Ke3
g3 48.Ne2 Nc4+ 49.Kf4 h4 50.Kg4 Nd2 51.Nf4+ Kd7 52.e5 g2 53.Nxg2 h3 54.
Kxh3 Nf3 55.Kg4 Nxd4 56.Nf4 Nc6 57.Kf5 Nxb4 58.e6+ Ke8 59.Nd5 Nxd5 0-1

[Event "7th Asia-ch"]
[Site "Subic Bay PHI"]
[Date "2009.05.13"]
[Round "1"]
[White "Gomez, John Paul"]
[Black "Priyadharshan, Kannappan"]
[Result "1-0"]
[WhiteElo "2538"]
[BlackElo "2411"]
[EventDate "2009.05.13"]
[PlyCount "97"]

1.d4 Nf6 2.c4 e6 3.Nf3 Bb4+ 4.Nbd2 b6 5.a3 Bxd2+ 6.Bxd2 h6 7.Bf4 Bb7 8.e3 
d6 9.h3 Nbd7 10.Be2 Qe7 11.Qc2 g5 12.Bh2 Rg8 13.O-O-O g4 14.hxg4 Nxg4 15.
Bg1 O-O-O 16.Nh4 Ngf6 17.f3 Nh5 18.Bd3 Qg5 19.Bf2 Kb8 20.Kb1 f5 21.f4 Qe7 
22.Nxf5 exf5 23.Rxh5 Rxg2 24.d5 Qg7 25.Bf1 Qg4 26.Bxg2 Qxh5 27.Rh1 Qg6 28.
Bh3 Rf8 29.e4 Qh5 30.Qd1 Qxd1+ 31.Rxd1 Nf6 32.e5 Ne4 33.Bh4 dxe5 34.fxe5 
Ng5 35.Bxg5 hxg5 36.Rf1 b5 37.Rxf5 Rh8 38.e6 Bc8 39.Bg4 bxc4 40.Rxg5 Kb7 
41.Bh5 Rh7 42.Bf7 Rh1+ 43.Kc2 Rh2+ 44.Kc3 Re2 45.Kxc4 c6 46.Kd3 Re1 47.Kd2
Re4 48.Bg6 Rd4+ 49.Kc3 1-0

[Event "7th Asia-ch"]
[Site "Subic Bay PHI"]
[Date "2009.05.13"]
[Round "1"]
[White "Lou Yiping"]
[Black "Hossain, Enamul"]
[Result "1/2-1/2"]
[WhiteElo "2410"]
[BlackElo "2531"]
[EventDate "2009.05.13"]
[PlyCount "105"]

1.d4 d5 2.c4 c6 3.Nc3 Nf6 4.e3 g6 5.Nf3 Bg7 6.Be2 O-O 7.O-O dxc4 8.Bxc4 
Bg4 9.h3 Bxf3 10.Qxf3 Nbd7 11.Rd1 Qc7 12.a4 Rad8 13.a5 a6 14.b3 c5 15.Ba3 
Qxa5 16.Nd5 Nxd5 17.Bxd5 Qc7 18.Bxb7 e5 19.Qc6 Qxc6 20.Bxc6 exd4 21.Bxd7 
Rxd7 22.Bxc5 d3 23.Rxa6 Rc8 24.b4 d2 25.Kf1 Bf8 26.Bxf8 Kxf8 27.Ra2 Rb8 
28.Rb2 Rdb7 29.Rdxd2 Rxb4 30.Rxb4 Rxb4 31.g4 Rb5 32.h4 h5 33.g5 Ke7 34.Kg2
Ke6 35.Ra2 Rb4 36.Ra6+ Ke7 37.f4 Rb3 38.Kf3 Rb4 39.Ra8 Rc4 40.Ke2 Rb4 41.
Kd3 Kd6 42.Ra6+ Ke7 43.Kc3 Re4 44.Kd3 Rb4 45.e4 Kd7 46.Ke3 Ke7 47.Rf6 Ra4 
48.f5 gxf5 49.Rxf5 Ra3+ 50.Kd4 Rh3 51.Rf4 Ke6 52.Rf6+ Ke7 53.Rf4 1/2-1/2

[Event "7th Asia-ch"]
[Site "Subic Bay PHI"]
[Date "2009.05.13"]
[Round "1"]
[White "Paragua, Mark"]
[Black "Murshed, Niaz"]
[Result "1/2-1/2"]
[WhiteElo "2529"]
[BlackElo "2407"]
[EventDate "2009.05.13"]
[PlyCount "84"]

1.e4 e6 2.d4 d5 3.Nd2 dxe4 4.Nxe4 Bd7 5.Nf3 Bc6 6.Bd3 Nd7 7.Qe2 Ngf6 8.
Ned2 Nd5 9.Nc4 Nb4 10.Be4 Bxe4 11.Qxe4 Nf6 12.Qe2 Be7 13.Nce5 O-O 14.a3 
Nbd5 15.O-O Nd7 16.c4 N5b6 17.Rd1 Nxe5 18.dxe5 Qe8 19.b3 Rd8 20.Rxd8 Qxd8 
21.Be3 Qb8 22.h4 Rd8 23.Qc2 h6 24.Qe4 Nd7 25.b4 c5 26.b5 Qc7 27.a4 a5 28.
bxa6 bxa6 29.Rb1 Rb8 30.Rxb8+ Qxb8 31.a5 Qc8 32.Bd2 Bf8 33.h5 Qb8 34.g4 
Be7 35.Kg2 Qc8 36.Bc3 Bd8 37.Kf1 Be7 38.Ke2 Bd8 39.Kd2 Nb8 40.Qa8 Bc7 41.
Ke2 Qd7 42.Qe4 Nc6 1/2-1/2

[Event "7th Asia-ch"]
[Site "Subic Bay PHI"]
[Date "2009.05.13"]
[Round "1"]
[White "Akshayraj, Kore"]
[Black "Moradiabadi, Elshan"]
[Result "0-1"]
[WhiteElo "2404"]
[BlackElo "2526"]
[EventDate "2009.05.13"]
[PlyCount "72"]

1.e4 e5 2.Nf3 Nc6 3.Bb5 Nf6 4.d3 d6 5.O-O g6 6.d4 Bd7 7.Re1 Bg7 8.d5 Ne7 
9.c4 O-O 10.Nc3 h6 11.Bd2 a6 12.Ba4 Bxa4 13.Nxa4 Nd7 14.c5 f5 15.Qb3 b5 
16.cxb6 cxb6 17.Nc3 Nc5 18.Qa3 b5 19.exf5 b4 20.Qxb4 Nd3 21.Qa3 Nxe1 22.
Rxe1 gxf5 23.Ne2 Ng6 24.Bb4 Rf6 25.Ba5 Qd7 26.b4 Rc8 27.Qb3 Qb5 28.Nd2 Ne7
29.Nc3 Qd3 30.Ndb1 Rg6 31.Re3 Qd4 32.b5 axb5 33.Qxb5 Qc5 34.Qa6 Rb8 35.a3 
Nxd5 36.Rd3 Rxb1+ 0-1

[Event "7th Asia-ch"]
[Site "Subic Bay PHI"]
[Date "2009.05.13"]
[Round "1"]
[White "Rahman, Ziaur"]
[Black "Wang Li"]
[Result "1-0"]
[WhiteElo "2523"]
[BlackElo "2401"]
[EventDate "2009.05.13"]
[PlyCount "97"]

1.c4 c5 2.Nf3 Nf6 3.Nc3 b6 4.g3 Bb7 5.Bg2 g6 6.O-O Bg7 7.d4 cxd4 8.Qxd4 
Nc6 9.Qd3 Rc8 10.b3 Nb4 11.Qd2 Ne4 12.Nxe4 Bxe4 13.Bb2 Bxb2 14.Qxb2 O-O 
15.Rfd1 d6 16.Qd2 Nc6 17.Bh3 Bxf3 18.Bxc8 Bxe2 19.Qxe2 Qxc8 20.Rd3 Qf5 21.
Rad1 h5 22.Re3 Rc8 23.Rd5 Qf6 24.Kg2 Rc7 25.Qd2 Kf8 26.Rf3 Qg7 27.Rxd6 
exd6 28.Qxd6+ Re7 29.Qxc6 Kg8 30.c5 bxc5 31.Qc8+ Kh7 32.Qxc5 Rd7 33.Qc4 
Qf8 34.Qe6 Re7 35.Qf6 Qe8 36.h3 Qd7 37.g4 hxg4 38.hxg4 Qb7 39.Kh2 Qc7+ 40.
Kg1 Re1+ 41.Kg2 Qb7 42.Qxf7+ Qxf7 43.Rxf7+ Kh6 44.Rxa7 Kg5 45.Kf3 Rc1 46.
Ra5+ Kh4 47.Ra6 Rc3+ 48.Ke4 g5 49.f4 1-0

[Event "7th Asia-ch"]
[Site "Subic Bay PHI"]
[Date "2009.05.13"]
[Round "1"]
[White "Batchuluun, Cegmed"]
[Black "Bui Vinh"]
[Result "1-0"]
[WhiteElo "2391"]
[BlackElo "2522"]
[EventDate "2009.05.13"]
[PlyCount "158"]

1.d4 f5 2.c4 Nf6 3.g3 e6 4.Bg2 Bb4+ 5.Bd2 Be7 6.Nf3 O-O 7.O-O d5 8.Qc2 c6 
9.Bf4 Ne4 10.Ne5 Nd7 11.Nd2 Nd6 12.Nxd7 Bxd7 13.Bxd6 Bxd6 14.e3 Be8 15.f4 
Bh5 16.c5 Bc7 17.b4 g5 18.Bf3 Be8 19.Be2 h5 20.Nf3 g4 21.Ng5 Qf6 22.h4 
gxh3 23.Nf3 Kg7 24.Kf2 a5 25.Rab1 b5 26.a4 axb4 27.axb5 cxb5 28.Rxb4 Ra5 
29.Rh1 Qd8 30.Rxh3 Qa8 31.Ng5 Rf6 32.Bxh5 Rh6 33.Be2 Rxh3 34.Nxh3 Ra2 35.
Rb2 Rxb2 36.Qxb2 Bd8 37.Qb1 Qb7 38.Qb4 Bc6 39.Ng1 Qa6 40.Nf3 Qa4 41.Qb1 b4
42.Bd1 Qa3 43.Ne5 Be8 44.Qb3 Qc1 45.Nd3 Qd2+ 46.Be2 Ba5 47.Qb2 Qc3 48.Qxc3
bxc3 49.Bd1 Bb5 50.Ne5 Kf6 51.Bc2 Ke7 52.g4 fxg4 53.Nxg4 Be8 54.Ne5 Bc7 
55.Ke2 Bb5+ 56.Kd1 Kf6 57.Ng4+ Ke7 58.Kc1 Be8 59.Bd3 Ba4 60.Bc2 Bb5 61.Nf2
Kf6 62.Ng4+ Ke7 63.Nf2 Kf6 64.Kb1 Ke7 65.Ka2 Ba5 66.Kb3 Be2 67.Bd3 Bf3 68.
Bc2 Be2 69.Ka4 Bd8 70.Kb4 Kd7 71.Nd1 Bh4 72.Ba4+ Ke7 73.Kxc3 Be1+ 74.Kc2 
Bxd1+ 75.Kxd1 Ba5 76.Kc2 Bb4 77.Kd3 Be1 78.Bd1 Bh4 79.Bf3 Bg3 1-0

[Event "7th Asia-ch"]
[Site "Subic Bay PHI"]
[Date "2009.05.13"]
[Round "1"]
[White "Antonio, Rogelio jr"]
[Black "Wahono, Awam"]
[Result "1/2-1/2"]
[WhiteElo "2518"]
[BlackElo "2391"]
[EventDate "2009.05.13"]
[PlyCount "116"]

1.e4 c5 2.Nf3 a6 3.c3 d6 4.d4 Qc7 5.h3 Nd7 6.Bd3 g6 7.O-O Bg7 8.Re1 e5 9.
dxe5 dxe5 10.c4 Ne7 11.Nc3 O-O 12.Bg5 f6 13.Be3 b6 14.Rc1 Bb7 15.a3 Kh8 
16.b4 Rfc8 17.Qb3 Rab8 18.h4 h5 19.Nd5 Qd8 20.Qd1 Nc6 21.Bd2 Nf8 22.Be3 
Nd4 23.Nxd4 cxd4 24.Bd2 b5 25.c5 Bc6 26.a4 Qe8 27.axb5 axb5 28.Ra1 Ra8 29.
Rxa8 Bxa8 30.Nb6 Rb8 31.Nxa8 Rxa8 32.Qe2 Rb8 33.Ra1 Ne6 34.g3 Nc7 35.Ra7 
Qc8 36.Kh2 Ra8 37.Rxa8 Qxa8 38.f4 Qa2 39.f5 gxf5 40.exf5 e4 41.Bf4 Qxe2+ 
42.Bxe2 d3 43.Bxh5 Nd5 44.c6 Bf8 45.Bf7 Nb6 46.Be3 Na8 47.Bd5 Bxb4 48.Bxe4
d2 49.Bc2 Kg7 50.Kg2 Nc7 51.Kf3 Nd5 52.Bd4 Bd6 53.Bd1 Ne7 54.Bc3 Nxf5 55.
g4 b4 56.Bxd2 Nd4+ 57.Ke4 Nxc6 58.Kd5 Ne5 1/2-1/2

[Event "7th Asia-ch"]
[Site "Subic Bay PHI"]
[Date "2009.05.13"]
[Round "1"]
[White "Abu Sufian, Shakil"]
[Black "Nguyen Anh Dung"]
[Result "1/2-1/2"]
[WhiteElo "2378"]
[BlackElo "2518"]
[EventDate "2009.05.13"]
[PlyCount "153"]

1.e4 e5 2.Nf3 Nf6 3.d4 Nxe4 4.Bd3 d5 5.Nxe5 Nd7 6.Nxd7 Bxd7 7.O-O Qh4 8.c4
O-O-O 9.c5 g5 10.f3 Nf6 11.Be3 Rg8 12.g3 Qh3 13.Re1 g4 14.f4 Ne4 15.Bf1 
Qh5 16.Nd2 Rg6 17.Nxe4 dxe4 18.Qc2 Bg7 19.Red1 Be6 20.b4 Bd5 21.b5 Qf5 22.
Rab1 Kb8 23.Rb4 h5 24.Ra4 h4 25.Ra3 hxg3 26.hxg3 Rh8 27.Bg2 Rgh6 28.Qa4 a6
29.Kf2 Rh2 30.Rg1 R8h6 31.bxa6 Rxa6 32.Qe8+ Qc8 33.Qxc8+ Kxc8 34.Rxa6 bxa6
35.a3 f5 36.Rd1 Kd7 37.Kg1 Rh8 38.Rb1 Bc4 39.Rb4 Bd3 40.d5 Bc3 41.Rb7 Bc4 
42.d6 Rc8 43.Bf1 Bxf1 44.Kxf1 Kc6 45.Ra7 a5 46.a4 cxd6 47.Ra6+ Kd5 48.
Rxd6+ Kc4 49.c6 Bb4 50.Rf6 Kd3 51.Ba7 Rc7 52.Bb6 e3 53.Re6 Rxc6 54.Rxe3+ 
Kd2 55.Re2+ Kd3 56.Re3+ Kd2 57.Re2+ Kc3 58.Bd8 Rd6 59.Be7 Rd3 60.Re5 Bxe7 
61.Rxe7 Rxg3 62.Re5 Rf3+ 63.Kg2 Rxf4 64.Rxa5 Kd4 65.Rb5 Rf3 66.a5 Ke4 67.
Rb4+ Ke5 68.Ra4 f4 69.a6 Rg3+ 70.Kf2 Rf3+ 71.Ke2 Re3+ 72.Kd2 Rh3 73.a7 
Rh2+ 74.Kd3 Rh3+ 75.Kd2 Rh2+ 76.Kd3 Rh3+ 77.Kd2 1/2-1/2

[Event "7th Asia-ch"]
[Site "Subic Bay PHI"]
[Date "2009.05.13"]
[Round "1"]
[White "Kunte, Abhijit"]
[Black "Hoang Canh Huan"]
[Result "1/2-1/2"]
[WhiteElo "2513"]
[BlackElo "2378"]
[EventDate "2009.05.13"]
[PlyCount "160"]

1.d4 g6 2.Nf3 Bg7 3.g3 d6 4.Bg2 Nf6 5.O-O O-O 6.Re1 c5 7.c3 Qc7 8.e4 e5 9.
Na3 a6 10.dxe5 dxe5 11.Nc4 Nc6 12.Qd6 Qxd6 13.Nxd6 b5 14.a4 Rb8 15.axb5 
axb5 16.Be3 c4 17.Nxc8 Rfxc8 18.Bh3 Rc7 19.Nd2 h5 20.Ra6 Ng4 21.Bb6 Rd7 
22.Nf1 Bf8 23.Bxg4 hxg4 24.Ne3 Rbb7 25.Nxg4 Nb8 26.Nf6+ Kg7 27.Nxd7 Nxa6 
28.Rd1 Be7 29.Be3 f6 30.Kg2 b4 31.Nb6 bxc3 32.bxc3 Nc5 33.Bxc5 Bxc5 34.
Nxc4 Rc7 35.Rd3 Kf7 36.Ne3 Ke6 37.f4 exf4 38.gxf4 f5 39.Kf3 Rh7 40.exf5+ 
gxf5 41.Nxf5 Rxh2 42.Ng3 Bd6 43.c4 Bxf4 44.Ne2 Be5 45.Nd4+ Kd6 46.Nb3+ Kc6
47.Ke4 Re2+ 48.Kf5 Bb2 49.Rg3 Re5+ 50.Kf4 Re7 51.Rg6+ Kc7 52.Nc5 Be5+ 53.
Kf5 Bd6 54.Ne6+ Kd7 55.Rh6 Re8 56.c5 Bxc5 57.Nxc5+ Kc7 58.Ne6+ Kb7 59.Ke5 
Kc6 60.Rh7 Rc8 61.Rg7 Kb6 62.Kd5 Rc1 63.Rg8 Rd1+ 64.Nd4 Rc1 65.Rg6+ Kb7 
66.Rg2 Kb6 67.Rb2+ Ka6 68.Ne6 Rh1 69.Kc6 Ka5 70.Rb5+ Ka4 71.Nc5+ Ka3 72.
Kd5 Rh5+ 73.Kc4 Rh4+ 74.Kc3 Rh3+ 75.Nd3 Ka4 76.Rg5 Rf3 77.Kc4 Rh3 78.Nc5+ 
Ka3 79.Rg4 Rf3 80.Ne4 Rh3 1/2-1/2

[Event "7th Asia-ch"]
[Site "Subic Bay PHI"]
[Date "2009.05.13"]
[Round "1"]
[White "Elorta, David"]
[Black "Laylo, Darwin"]
[Result "0-1"]
[WhiteElo "2372"]
[BlackElo "2509"]
[EventDate "2009.05.13"]
[PlyCount "92"]

1.Nf3 c5 2.e3 g6 3.h4 Nf6 4.b3 Bg7 5.Bb2 O-O 6.d4 d6 7.Nbd2 Bf5 8.Be2 Nc6 
9.O-O Qc7 10.c4 e5 11.d5 Ne7 12.Nh2 h5 13.Qc1 Rae8 14.a3 b6 15.b4 Bd7 16.
Qd1 Nf5 17.g3 Nh6 18.Qb3 Nh7 19.Rfe1 f5 20.f4 Re7 21.Ndf3 Rfe8 22.Kf2 Nf6 
23.Ng5 Ne4+ 24.Nxe4 fxe4 25.a4 cxb4 26.Qxb4 a5 27.Qa3 Nf5 28.Reb1 exf4 29.
exf4 Nd4 30.Bxd4 Bxd4+ 31.Kg2 Bxa1 32.Qxa1 Qc5 33.Rb3 Rf8 34.Qa3 e3 35.Nf3
Rfe8 36.Ng5 Qc7 37.Qa1 Bg4 38.Qb2 Rc8 39.Rc3 Qd7 40.Qc2 Bxe2 41.Qxe2 Rce8 
42.Ra3 Qg4 43.Qd3 Kg7 44.Ra1 e2 45.Qd4+ Kg8 46.Qf6 Qf5 0-1

[Event "7th Asia-ch"]
[Site "Subic Bay PHI"]
[Date "2009.05.13"]
[Round "1"]
[White "Tu Hoang Thong"]
[Black "Causo, Deniel"]
[Result "1/2-1/2"]
[WhiteElo "2506"]
[BlackElo "2367"]
[EventDate "2009.05.13"]
[PlyCount "68"]

1.d4 d5 2.Nf3 Nf6 3.Bf4 g6 4.e3 Bg7 5.Be2 O-O 6.O-O c5 7.c3 Nc6 8.Nbd2 Qb6
9.Qb3 c4 10.Qa3 Re8 11.b3 cxb3 12.axb3 Nh5 13.Bg5 h6 14.Bh4 g5 15.Ne1 Nf6 
16.Bg3 e5 17.Nef3 Bg4 18.h3 Bh5 19.Bd1 exd4 20.Nxd4 Nxd4 21.exd4 Qc6 22.
Rc1 Bxd1 23.Rfxd1 Ne4 24.Nxe4 Rxe4 25.Qc5 Qd7 26.Qd6 Qxd6 27.Bxd6 Rc8 28.
Kf1 f5 29.Ba3 Kf7 30.Bb2 a6 31.Ra1 Rc6 32.Ra5 b5 33.Rda1 Ree6 34.b4 Bf6 
1/2-1/2

[Event "7th Asia-ch"]
[Site "Subic Bay PHI"]
[Date "2009.05.13"]
[Round "1"]
[White "Pascua, Haridas"]
[Black "Yu Shaoteng"]
[Result "0-1"]
[WhiteElo "2359"]
[BlackElo "2504"]
[EventDate "2009.05.13"]
[PlyCount "46"]

1.d4 e6 2.Nf3 Nf6 3.c4 b6 4.g3 Ba6 5.b3 b5 6.cxb5 Bxb5 7.Nc3 Ba6 8.Bg2 d5 
9.O-O Nbd7 10.Re1 Be7 11.Bb2 O-O 12.Rc1 Rc8 13.a3 c5 14.e4 cxd4 15.Nxd4 
Nc5 16.e5 Nd3 17.exf6 Bxf6 18.Bf1 Nxb2 19.Qd2 Bxf1 20.Kxf1 Qa5 21.Nde2 
Qxa3 22.Rc2 Qxb3 23.Rb1 Bxc3 0-1

[Event "7th Asia-ch"]
[Site "Subic Bay PHI"]
[Date "2009.05.13"]
[Round "1"]
[White "Gao Rui"]
[Black "Bancod, Ronald"]
[Result "1-0"]
[WhiteElo "2500"]
[BlackElo "2356"]
[EventDate "2009.05.13"]
[PlyCount "91"]

1.e4 e5 2.Nf3 Nc6 3.Bb5 a6 4.Ba4 Nf6 5.O-O Be7 6.Re1 b5 7.Bb3 d6 8.c3 O-O 
9.h3 Nb8 10.d4 Nbd7 11.Nbd2 Bb7 12.Bc2 Re8 13.a3 Bf8 14.b4 h6 15.Bb2 a5 
16.Bd3 axb4 17.cxb4 c6 18.Rc1 Qb6 19.Nb3 exd4 20.Nbxd4 Ne5 21.Nxe5 dxe5 
22.Nb3 Rad8 23.Qe2 Rd6 24.Nc5 Bc8 25.Bb1 Nd7 26.Ba2 Rg6 27.Qh5 Rf6 28.Nd3 
c5 29.bxc5 Bxc5 30.Rc2 Bd4 31.Bxd4 Qxd4 32.Nb4 Bb7 33.Qe2 Nc5 34.Qxb5 Rc8 
35.Bd5 Bxd5 36.Nxd5 Rxf2 37.Rxf2 Nd3 38.Re3 Nxf2 39.Kxf2 Rc2+ 40.Kg3 Kh7 
41.Qd3 Qb2 42.Qf1 h5 43.Qf3 Kh8 44.Kh2 g6 45.h4 Rf2 46.Qxf2 1-0

[Event "7th Asia-ch"]
[Site "Subic Bay PHI"]
[Date "2009.05.13"]
[Round "1"]
[White "Olay, Edgar Reggie"]
[Black "Mahjoob, Morteza"]
[Result "1/2-1/2"]
[WhiteElo "2348"]
[BlackElo "2498"]
[EventDate "2009.05.13"]
[PlyCount "115"]

1.d4 f5 2.c4 Nf6 3.g3 g6 4.Bg2 Bg7 5.Nc3 O-O 6.Nh3 e6 7.O-O d6 8.b3 c6 9.
Bb2 Na6 10.a3 e5 11.dxe5 dxe5 12.Qc2 Qe7 13.b4 Be6 14.b5 cxb5 15.cxb5 Nc5 
16.a4 Nb3 17.Ba3 Nxa1 18.Rxa1 Qc7 19.Bxf8 Kxf8 20.Ng5 Bg8 21.Qb2 e4 22.b6 
Qe7 23.Qd2 axb6 24.Rd1 h6 25.Nh3 g5 26.Kh1 Rc8 27.Nb5 Bb3 28.Rb1 Bxa4 29.
Nd4 Bd7 30.e3 Qc5 31.Ng1 Kg8 32.Nge2 Kh8 33.Bh3 g4 34.Bf1 Nd5 35.Rd1 Qa5 
36.Nxf5 Qxd2 37.Rxd2 Bxf5 38.Rxd5 Rc5 39.Rd6 Rc6 40.Rd5 Rc5 41.Rd6 Rc2 42.
Rxb6 Rb2 43.Rd6 b5 44.Nf4 Rxf2 45.Kg1 Rc2 46.Rd5 b4 47.Rxf5 b3 48.Rb5 b2 
49.Rb8+ Kh7 50.Bg2 Rc4 51.Kf2 Be5 52.Rb7+ Kg8 53.Ne2 h5 54.Bh1 Ra4 55.Nd4 
Ra2 56.Ne2 Ra4 57.Nd4 Ra2 58.Ne2 1/2-1/2